000 00708cam a2200229 4500
001 D1837
008 090401t1985 xxu||||| |||| 00| 0 eng d
035 _a(Sirsi) u66138
041 _aeng
050 _a692.9
_c18
110 _aBuilding Employers Confederation
_91705
245 _aDomestic sub-contract IN/SC : articles of agreement. First edition 1985
260 _aLondon
_bBuilding Employers Confederation
_c1985
300 _a11p.
_c30cm
350 _a0
650 _aDOMESTIC SUBCONTRACTS
650 _aCONSTRUCTION CONFEDRATION DOMESTIC SUBCONTRACT IN/SC (1985 EDITION)
650 _aSUBCONTRACTS
690 _aBUILT ENVIRONMENT-BUILDING CONTRACT FORMS
942 _n0
948 _c04/03/1997
999 _c94823
_d94823